Business logistics in the conditions of globalization
Analýza faktorov ovplyvňujúcich logistiku v podnikoch v podmienkach globalizácie na základe sekundárneho a primárneho výskumu. Primárny výskum sa uskutočnil v podnikoch pôsobiacich na území Slovenska. Zmeny v podnikovej logistike - porovnanie priemyselnej a informačnej éry.
Enregistré dans:
| Auteur principal: | |
|---|---|
| Autres auteurs: | |
| Format: | Chapitre de livre |
| Langue: | anglais |
| Sujets: | |
| Tags: |
Pas de tags, Soyez le premier à ajouter un tag!
|
MARC
| LEADER | 00000nla a2200000 4500 | ||
|---|---|---|---|
| 001 | 0239447 | ||
| 005 | 20240502073859.3 | ||
| 041 | 0 | |a eng | |
| 044 | |a SK | ||
| 245 | 1 | 0 | |a Business logistics in the conditions of globalization |c Patrik Richnak, Klaudia Porubanova |
| 520 | |a Analýza faktorov ovplyvňujúcich logistiku v podnikoch v podmienkach globalizácie na základe sekundárneho a primárneho výskumu. Primárny výskum sa uskutočnil v podnikoch pôsobiacich na území Slovenska. Zmeny v podnikovej logistike - porovnanie priemyselnej a informačnej éry. | ||
| 610 | 2 | 0 | |a globalizácia |
| 610 | 2 | 0 | |a podnik |
| 610 | 2 | 0 | |a logistika |
| 610 | 2 | 0 | |a logistika podniková |
| 610 | 2 | 0 | |a priemysel 4.0 |
| 610 | 2 | 0 | |a výskum |
| 610 | 2 | 0 | |a Slovensko |
| 100 | 1 | |a Richnák, Patrik, 1988- | |
| 700 | 1 | |a Porubanová, Klaudia | |